000 00717nam a2200169Ia 4500
008 090201s9999 xx 000 0 und d
010 _aKPL-63424
040 _bमराठी
041 _aमराठी
082 _a2480
_b63424
100 _aम. द. हातकणंगलेकर
245 _aव्यंकटेश माडगूळकर माणदेशी माणूस आाणि कलावंत
_cम. द. हातकणंगलेकर
260 _c2004
_bशब्द प्रकाशन
300 _a190
_bमोठा
600 _aव्यंकटेश माडगूळकर माणदेशी माणूस आाणि कलावंत
942 _cBOOK
999 _c203576
_d203576